000 00753nam a2200253Ia 4500
003 OSt
005 20220925222751.0
006 a|||||r|||| 00| 0
007 ta
008 220923b |||||||| |||| 00| 0 eng d
020 _a0863741859
_cPd 3.25
037 _cGeneral Book
040 _aRTL
_cRTL
_beng
041 _2eng
_aeng
082 _aX9:(D6,9(B).3.N7, M0
100 _aNorthcott Jim
_9287721
245 0 _aMicroporcessors in manufactured products
260 _aLondon
_bPolicy Studies Institute UK
_c1980
300 _a48p.
_ccm.
490 _aPolicy Studies Institute , Publications. 590
650 _aIndustrial Economy
942 _hX9:(D6,9(B).3.N7, M0
_cGB
_2CC
999 _c577714
_d577714